01200cam a2200205 a 450000500170000000800390001702000150005602000150007102000190008604000500010504100080015510000320016324500840019526000730027930000360035250400530038850505110044165000200095265000220097220140903175105.0140526s1993 xxua grb 001 0 eng a0300055404 a0300059493 a9780300059496  aCO-BoUCMbspacJose A. GerenadJose A. Gerena aeng1 aHaskell, Francisd1928-200010aHistory and its imagesbart and the interpretation of the pastcFrancis Haskell aNew Haven (Connecticut, Estados Unidos)bYale University Pressc1993 ax, 558 páginasbilustraciones aIncluye referencias bibliográficas e índices0 aThe early numismatists -- Portraits from the past -- Historical narrative and reportage -- The issue of quality -- Problems of interpretation -- The dialogue between antiquarians and historians -- The birth of cultural history -- The arts as an index of society -- The Musée des Monuments Français -- Michelet -- Museums, illustrations and the search for authenticity -- The historical significance of style -- The deceptive evidence of art -- Art as prophecy -- Huizinga and the 'Flemish Renaissance'. 7aArte e historia 7aHistoria del arte